书目信息 |
| 题名: |
jQuery与jQuery Mobile开发完全技术宝典
|
|
| 作者: | 朱育发 编著 | |
| 分册: | ||
| 出版信息: | 北京 中国铁道出版社 2014 |
|
| 页数: | 590页 | |
| 开本: | 26cm | |
| 丛书名: | ||
| 单 册: | ||
| 中图分类: | TP312JA , TP316.89 , TP312 | |
| 科图分类: | ||
| 主题词: | JAVA语言--程序设计 , 移动电话机--JAVA语言--程序设计 | |
| 电子资源: | ||
| ISBN: | 978-7-113-18994-5 | |
| 000 | 01054nam0 2200253 450 | |
| 001 | 122 | |
| 005 | 20160905154930.65 | |
| 010 | @a978-7-113-18994-5@dCNY69.80 | |
| 100 | @a20141104d2014 em y0chiy50 ea | |
| 101 | 0 | @achi |
| 102 | @aCN@b110000 | |
| 105 | @ay z 000yy | |
| 200 | 1 | @ajQuery与jQuery Mobile开发完全技术宝典@9jQuery yu jQuery Mobile kai fa wan quan ji shu bao dian@f朱育发编著 |
| 210 | @a北京@c中国铁道出版社@d2014 | |
| 215 | @a590页@d26cm | |
| 330 | @a本书从零起步,理论结合实践,详细讲解了jQuery基础知识和开发技巧,内容包括:jQuery基础知识、设计思路、使用选择器、DOM文档操作、事件处理、动画设计、Ajax异步通信、插件扩展、辅助工具、jQuery移动开发等,同时针对当前网页开发中几个主要技术版块的开发进行实践演练,最后通过一个综合案例帮助读者快速把握jQuery开发的完整过程。 | |
| 606 | 0 | @aJAVA语言@x程序设计 |
| 606 | 0 | @a移动电话机@xJAVA语言@x程序设计 |
| 690 | @aTP312JA@v5 | |
| 690 | @aTP316.89@v5 | |
| 690 | @aTP312@v4 | |
| 701 | 0 | @a朱育发@9zhu yu fa@4编著 |
| 801 | 0 | @aCN@b唐山师范学院图书馆@c20160721 |
| 905 | @aZUCC@dTP312@e912 | |
| jQuery与jQuery Mobile开发完全技术宝典/朱育发编著.-北京:中国铁道出版社,2014 |
| 590页;26cm |
| ISBN 978-7-113-18994-5:CNY69.80 |
| 本书从零起步,理论结合实践,详细讲解了jQuery基础知识和开发技巧,内容包括:jQuery基础知识、设计思路、使用选择器、DOM文档操作、事件处理、动画设计、Ajax异步通信、插件扩展、辅助工具、jQuery移动开发等,同时针对当前网页开发中几个主要技术版块的开发进行实践演练,最后通过一个综合案例帮助读者快速把握jQuery开发的完整过程。 |
| ● |
| 相关链接 |
|
|
|
|
正题名:jQuery与jQuery Mobile开发完全技术宝典
索取号:TP312/912
 
预约/预借
| 序号 | 登录号 | 条形码 | 馆藏地/架位号 | 状态 | 备注 |
| 1 | 900520 | 209005208 | 第二样本阅览室/ [索取号:TP312/912] | 在馆 | |
| 2 | 900521 | 209005217 | 密集书库—计算机科学学院/ [索取号:TP312/912] | 在馆 | |
| 3 | 900522 | 209005226 | 第三借阅区/ [索取号:TP312/912] | 在馆 | |
| 4 | 900523 | 209005235 | 第三借阅区/ [索取号:TP312/912] | 在馆 |